000 01155nmc a2200385 a 4500
003 AR-BaBNM
005 20251128205901.0
008 011101s1995 ||||||||||||||000 | spa||
020 _a950-698-011-X
040 _cAR-BaBNM
245 1 0 _aComunicación y educación
_bcomo campos problemáticos desde una perspectiva epistemológica
260 _aParaná
_bCe.P.C.E.
_bUNER
_c1995
300 0 _a103 p.
490 0 _aCiclos y conferencias
_vCuadernos 4
500 0 _aLas referencias bibliográficas se presentan a pie de página
600 1 4 _aMattelart, Michelle
650 4 _aCOMUNICACION
650 4 _aEDUCACION
650 4 _aEPISTEMOLOGIA
650 4 _aCONOCIMIENTO
650 4 _aINVESTIGACION EN LA COMUNICACION
650 4 _aINFORMACION PUBLICA
650 4 _aPROCESO DE COMUNICACION
650 4 _aCOMUNICACION DE MASAS
650 4 _aSOCIEDADES DE CONSUMO
650 4 _aPRINCIPIOS EDUCACIONALES
653 0 _aGENERO
700 1 _aQuiroz, María Teresa
700 1 _aSchmucler, Héctor
700 1 _aEntel, Alicia
700 1 _aLambruschini, Gustavo
700 1 _aAlfaro, Rosa María
942 _cBK
998 _carturo
999 _c13146
_d13146